Portfólio cenných papierov Príloha

Výpočet výnosu z cenných papierov. Maximálna a minimálna miera výnosu do stanovenej hodnoty rizika. Výpočet celkovej očakávanej hodnoty portfólia. Vážený priemer očakávaných výnosov cenných papierov a portfólia CP. Výnos a riziko CP (štátne pokladničné poukážky, dlhodobé vkladové obligácie, podnikov...

Ausführliche Beschreibung

Gespeichert in:
Bibliographische Detailangaben
1. Verfasser: Čunderlík, Dušan
Format: Buchkapitel
Sprache:Slowakisch
Schlagworte:
Tags: Tag hinzufügen
Keine Tags, Fügen Sie das erste Tag hinzu!

MARC

LEADER 00000naa a2200000 4500
001 r023264
005 20251104123824.1
041 0 |a slo 
044 |a SK 
245 1 0 |a Portfólio cenných papierov  |b Príloha  |c Dušan Čunderlík 
520 |a Výpočet výnosu z cenných papierov. Maximálna a minimálna miera výnosu do stanovenej hodnoty rizika. Výpočet celkovej očakávanej hodnoty portfólia. Vážený priemer očakávaných výnosov cenných papierov a portfólia CP. Výnos a riziko CP (štátne pokladničné poukážky, dlhodobé vkladové obligácie, podnikové obligácie, podnikové akcie). 
610 2 0 |a papiere cenné 
610 2 0 |a výnosy 
610 2 0 |a riziko 
610 2 0 |a burzovníctvo 
610 2 0 |a ukazovatele ekonomické 
610 2 0 |a portfólio 
100 1 |a Čunderlík, Dušan